El adolescente y la sociedad / (Record no. 988)

MARC details
000 -CABECERA
campo de control de longitud fija 00746nam a2200241 a 4500
005 - FECHA Y HORA DE LA ÚLTIMA TRANSACCIÓN
campo de control 20240913063800.0
008 - ELEMENTOS DE LONGITUD FIJA--INFORMACIÓN GENERAL
campo de control de longitud fija 991125s1980 es 000 0 spa u
020 ## - NÚMERO INTERNACIONAL NORMALIZADO PARA LIBROS
Número Internacional Estándar del Libro 8425410932
035 ## - NÚMERO DE CONTROL DEL SISTEMA
Número de control de sistema UPN01000000988
049 ## - COLECCIÓN
Colección CG
050 #4 - SIGNATURA TOPOGRÁFICA DE LA BIBLIOTECA DEL CONGRESO
Número de clasificación HV9068
Número de documento/Ítem S9.28
100 1# - ASIENTO PRINCIPAL--NOMBRE PERSONAL
Nombre de persona Szabo, Denis,
Fechas asociadas al nombre 1929-
245 13 - MENCIÓN DE TÍTULO
Título El adolescente y la sociedad /
Mención de responsabilidad, etc. Denis Szabo, Denis Gagné, Alice Parizeau ; tr. J. López.
260 ## - PUBLICACIÓN, DISTRIBUCIÓN, ETC.
Lugar de publicación, distribución, etc. Barcelona, Esp. :
Nombre del editor, distribuidor, etc. Herder,
Fecha de publicación, distribución, etc. 1980.
300 ## - DESCRIPCIÓN FÍSICA
Extensión 300 p.
440 #0 - MENCIÓN DE SERIE/ASIENTO SECUNDARIO--TÍTULO
Título Biblioteca de psicología ;
Designación de volumen o secuencia 64
650 #4 - ASIENTO SECUNDARIO DE MATERIA - TERMINO TEMATICO
Término de materia o nombre geográfico como elemento de entrada Delincuencia juvenil
9 (RLIN) 9217
650 #4 - ASIENTO SECUNDARIO DE MATERIA - TERMINO TEMATICO
Término de materia o nombre geográfico como elemento de entrada Criminología
9 (RLIN) 7582
650 #4 - ASIENTO SECUNDARIO DE MATERIA - TERMINO TEMATICO
Término de materia o nombre geográfico como elemento de entrada EDUCACION Y DELINCUENCIA
9 (RLIN) 19515
700 1# - ASIENTO SECUNDARIO--NOMBRE DE PERSONAL
Nombre de persona Gagné, Denis,
Término indicativo de función/relación coaut.
700 1# - ASIENTO SECUNDARIO--NOMBRE DE PERSONAL
Nombre de persona Parizeau, Alice,
Fechas asociadas al nombre 1930-1990,
Término indicativo de función/relación coaut.
905 ## - TIPO DE MATERIAL
Tipo de material Libro
Holdings
Estado de retiro Estado de pérdida Fuente del sistema de clasificación o colocación Estado dañado No para préstamo Código de colección Localización permanente Ubicación/localización actual Ubicación en estantería Total de préstamos Clasificación Código de barras Fecha visto por última vez Número de copia Tipo de ítem Koha Fecha de adquisición Fecha del último préstamo
    Library of Congress Classification     Colección General Bib. Gregorio Torres Quintero Bib. Gregorio Torres Quintero Planta baja 9 HV9068 S9.28 145731 31/12/2020 1 Libro    
    Library of Congress Classification     Colección General Bib. Gregorio Torres Quintero Bib. Gregorio Torres Quintero Planta baja 15 HV9068 S9.28 145732 12/03/2024 1 Libro 27/02/2024 27/02/2024
    Library of Congress Classification     Colección General Bib. Gregorio Torres Quintero Bib. Gregorio Torres Quintero Planta baja 9 HV9068 S9.28 145730 19/01/2026 1 Libro   27/10/2025